000
00336nam a2200133Ia 4500
003
PILC
008
220421s2006 xx 000 0 und d
040
_c
EARIST LIBRARY
100
_a
Paler, Calmorin
_9
913
245
0
_a
Methods of Research and Thesis Writing /
260
_a
Manila,
_b
Rex :
_c
2006.
999
_c
2281
_d
2281
942
_2
ddc
_c
BK